000 00587nam a2200217 a 4500
001 091642
003 BD-ChCU
008 Ben
020 _a
040 _aDLC
_cDLC
_dBD-ChCU
082 0 0 _a১৮৪/প্লে-টো-সং
100 1 _aপ্লেটো
_b-
245 1 0 _a...সংলাপ
_b-
250 _a***
260 _aঢাকা
_bবাংলা একাডেমী
_c১৯৯১
300 _a**
504 _a- Biblio-
650 0 _aদর্শন-অতীতকাল
_bদর্শন-অতীতকাল
700 1 _a-
942 _2ddc
_cBK
999 _c91642
_d91642